[Event "GBR-ch U14 106th"]
[Site "Torquay"]
[Date "2019.07.30"]
[Round "3"]
[White "Adams, Henry"]
[Black "Cox, Toby"]
[Result "0-1"]
[WhiteElo "1562"]
[BlackElo "1532"]
[PlyCount "92"]
[EventDate "2019.07.28"]
[EventType "swiss"]
[EventRounds "7"]
[EventCountry "ENG"]
[SourceTitle "EXT 2020"]
[Source "ChessBase"]
[SourceDate "2019.10.17"]
[SourceVersion "1"]
[SourceVersionDate "2019.10.17"]
[SourceQuality "1"]

1. e4 e6 2. b3 d5 3. Bb2 dxe4 4. Nc3 Nf6 5. Bc4 a6 6. a4 b6 7. Nge2 Bb7 8. Ng3 Nbd7 9. 0-0 Bd6 10. Nce2 Ne5 11. d3 exd3 12. Bxd3 Nxd3 13. Qxd3 Qd7 14. Rfd1 0-0-0 15. Bxf6 gxf6 16. Ne4 Rhg8 17. f3 Qc6 18. Nd4 Bc5 19. c3 Bxd4+ 20. cxd4 f5 21. Ng3 Rg4 22. Rac1 Rgxd4 23. Qe2 Qd5 24. Rxd4 Qxd4+ 25. Kf1 Qd3 26. Ke1 a5 27. Qc2 Qxc2 28. Rxc2 Rd3 29. Rb2 Rd4 30. Ne2 Rh4 31. h3 Ba6 32. Kf2 Bxe2 33. Rxe2 Rd4 34. Re3 Kd7 35. Ke2 Kd6 36. Rc3 c5 37. g3 Kd5 38. Ke3 e5 39. f4 f6 40. Rd3 Rxd3+ 41. Kxd3 h5 42. h4 c4+ 43. bxc4+ Kc5 44. fxe5 fxe5 45. Kc3 e4 46. Kb3 Kd4 0-1